000 01314nam a22003017a 4500
005 20241001085544.0
008 241001t ||||| |||| 00| 0 spa d
020 _a9789585003651 (impreso)
020 _a9789585003668 (epub)
020 _a9789585003675 (pdf)
040 _aCO-BoUCM
_cDavid Moreno
_dDavid Moreno
041 _aspa
060 _aWF 310
100 1 _aDíaz Castañeda, Natalia
_9183180
245 1 _aFisioterapia respiratoria
_bClínica y aplicación de las técnicas de higiene bronquial
_cNatalia Díaz Castañeda, Sandra Martpinez Coronado, Olga Cecilia Vargas Pinilla...[y otro]
250 _a1a. Ed
260 _aBogotá, Colombia
_bEditorial universidad del Rosario
_c2024
300 _axix, 218 Paginas
650 1 4 _aClinica
_xFisioterapia respiratoria
_9183181
650 1 4 _aSalud pulmonar
_xEnfermedades respiratorias
_9183182
650 1 4 _aTerapia respiratoria
_xTratamiento fisioterapeutico
_9183183
650 1 4 _aTecnicas de higiene bronquial
_xEnfermedades bronquiales
_9183184
650 1 4 _aRehabilitacion pulmonar
_xEnfermedades de los pulmones
_9183185
700 1 _aMartínez Coronado, Sandra
_9183186
700 1 _aVargas Pinilla, Olga Cecilia
_978579
700 1 _aDurán Palomino, Diana
_9136927
942 _2NLM
_a26
_cLIBRO
_e1
_hWF 310
_mD542f
_n0
999 _c324844
_d324844